A life long romance: (Record no. 30029)
[ view plain ]
| 000 -LEADER | |
|---|---|
| fixed length control field | 00920nam a22002417a 4500 |
| 005 - DATE AND TIME OF LATEST TRANSACTION | |
| control field | 20090905100731.0 |
| 008 - FIXED-LENGTH DATA ELEMENTS--GENERAL INFORMATION | |
| fixed length control field | 090904t xxu||||| |||| 00| 0 eng d |
| 010 ## - LCCN (DPL NO) | |
| LC control number | B-357023 |
| 020 ## - INTERNATIONAL STANDARD BOOK NUMBER | |
| Terms of availability | 500.00 |
| International Standard Book Number | 9788190524902 |
| 035 ## - SYSTEM CONTROL NUMBER | |
| System control number | B-357023 |
| 037 ## - SOURCE OF ACQUISITION | |
| Source of stock number/acquisition | DBAD / PUB |
| 040 ## - CATALOGING SOURCE | |
| Original cataloging agency | dpl |
| Language of cataloging | English |
| 082 ## - DEWEY DECIMAL CLASSIFICATION NUMBER | |
| Classification number | 333.95416092 |
| 100 ## - MAIN ENTRY--PERSONAL NAME | |
| Personal name | Verma, Vijay |
| 245 ## - TITLE STATEMENT | |
| Title | A life long romance: |
| Statement of responsibility, etc | by Vijay Verma |
| Remainder of title | with nature and the wild / |
| 260 ## - PUBLICATION, DISTRIBUTION, ETC. (IMPRINT) | |
| Place of publication, distribution, etc | Jaipur |
| Name of publisher, distributor, etc | Shruti Publications |
| Date of publication, distribution, etc | 2009 |
| 270 ## - ADDRESS | |
| Address | 50-Ka-6, Jyoti Nagar, |
| City | Jaipur |
| Postal code | 302005 |
| 300 ## - PHYSICAL DESCRIPTION | |
| Extent | 172p. : |
| Dimensions | 24cm(Hb) |
| Other physical details | ill. |
| 650 ## - SUBJECT ADDED ENTRY--TOPICAL TERM | |
| Topical term or geographic name as entry element | Wildlife conservation |
| Geographic subdivision | India |
| 650 ## - SUBJECT ADDED ENTRY--TOPICAL TERM | |
| Topical term or geographic name as entry element | Nature conservation |
| Geographic subdivision | India |
| 942 ## - ADDED ENTRY ELEMENTS (KOHA) | |
| Source of classification or shelving scheme | Dewey Decimal Classification |
| Item type | Children Books |
| Classification part | 333.95416092 |
| Call number suffix | VER |
| Withdrawn status | Lost status | Source of classification or shelving scheme | Damaged status | Not for loan | Collection code | Home library | Current library | Date acquired | Source of acquisition | Cost, normal purchase price | Total Checkouts | Full call number | Barcode | Date last seen | Copy number | Cost, replacement price | Koha item type |
|---|---|---|---|---|---|---|---|---|---|---|---|---|---|---|---|---|---|
| Dewey Decimal Classification | Non-fiction | Janak Puri | Janak Puri | 05/09/2009 | DBAD / PUB | 500.00 | 3 | 333.95416092 VER | B-357023 | 30/01/2010 | 1 | 500.00 | Children Books |
